Kabale University Library Catalogue

Doctrinal New Testament Commentary Volume II: (Record no. 1677)

MARC details
000 -LEADER
fixed length control field 00484nam a22001577a 4500
005 - DATE AND TIME OF LATEST TRANSACTION
control field 20200825105124.0
008 - FIXED-LENGTH DATA ELEMENTS--GENERAL INFORMATION
fixed length control field 200825b ||||| |||| 00| 0 eng d
040 ## - CATALOGING SOURCE
Transcribing agency KABLIB
082 ## - DEWEY DECIMAL CLASSIFICATION NUMBER
Edition number 23
Classification number 289.322
Item number MCC
100 ## - MAIN ENTRY--PERSONAL NAME
Personal name McConkie, Bruce R.
9 (RLIN) 4832
245 ## - TITLE STATEMENT
Title Doctrinal New Testament Commentary Volume II:
Remainder of title acts Pillippians /
Statement of responsibility, etc. Bruce R.McConkie .
260 ## - PUBLICATION, DISTRIBUTION, ETC.
Place of publication, distribution, etc. Salt lake city :
Name of publisher, distributor, etc. Book Craft INC ,
Date of publication, distribution, etc. c1977.
300 ## - PHYSICAL DESCRIPTION
Extent 544p:
Dimensions 24cm
650 ## - SUBJECT ADDED ENTRY--TOPICAL TERM
Topical term or geographic name entry element New testament
9 (RLIN) 4622
942 ## - ADDED ENTRY ELEMENTS (KOHA)
Source of classification or shelving scheme Dewey Decimal Classification
Koha item type Book
Holdings
Withdrawn status Lost status Source of classification or shelving scheme Damaged status Not for loan Home library Current library Shelving location Date acquired Total Checkouts Full call number Barcode Date last seen Price effective from Koha item type
    Dewey Decimal Classification     Education Library Education Library Open Access Section 25.08.2020   289.322 MCC 650 25.08.2020 25.08.2020 Book

Kabale University Library | Kabale University P.O Box 317, Kabale, Uganda
Tel : +256754017033, +256774661503 E-mail : library@kab.ac.ug